Statistics for 2024 Ligue 1 Teams

Click here to take the quiz!

General Stats

  • This quiz has been taken 5,256 times
    (3,255 since last reset)
  • The average score is 14 of 18

Answer Stats

Team% Correct
Paris Saint-Germain
100%
Marseille
96%
Lyon
95%
Monaco
90%
Lille
89%
Nice
83%
Rennes
82%
Nantes
81%
Lens
80%
Toulouse
78%
Montpellier
75%
Strasbourg
75%
Brest
71%
Reims
70%
Lorient
65%
Metz
63%
Clermont
62%
Le Havre
60%

Score Distribution

Percentile by Number Answered

Percent of People with Each Score

Your Score History

You have not taken this quiz since the last reset